[Event "4.liga A22 2019/2020"]
[Site "?"]
[Date "2020.02.09"]
[Round "8.1"]
[White "Longauer, Jan"]
[Black "Szocs, Ladislav"]
[Result "1/2-1/2"]
[WhiteElo "1845"]
[BlackElo "1808"]
[PlyCount "41"]
[EventDate "2019.10.13"]
[WhiteTeam "ŠK KOMPLET Trnava - Modranka juniori"]
[BlackTeam "DSC Potôňska veža C"]

1. e4 d5 2. exd5 Nf6 3. Be2 Nxd5 4. d4 Bf5 5. Nf3 e6 6. O-O Be7 7. a3 O-O 8. c4
Nb6 9. Nc3 N8d7 10. b4 Bf6 11. Be3 a5 12. Qd2 axb4 13. axb4 Qe7 14. c5 Nd5 15.
Nxd5 exd5 16. b5 Rxa1 17. Rxa1 Nxc5 18. Qa2 Ne4 19. Qxd5 Nc3 20. Qxf5 Nxe2+ 21.
Kf1 1/2-1/2

[Event "4.liga A22 2019/2020"]
[Site "?"]
[Date "2020.02.09"]
[Round "8.1"]
[White "Both, Lajos"]
[Black "Rau, Vladimir"]
[Result "1/2-1/2"]
[WhiteElo "1686"]
[BlackElo "1707"]
[PlyCount "108"]
[EventDate "2019.10.13"]
[WhiteTeam "DSC Potôňska veža C"]
[BlackTeam "ŠK KOMPLET Trnava - Modranka juniori"]

1. Nf3 Nc6 2. c4 Nf6 3. d4 d5 4. b3 Bf5 5. a3 e6 6. g3 Be7 7. Bg2 O-O 8. O-O h6
9. Nc3 Rb8 10. cxd5 exd5 11. Bb2 Ne4 12. Rc1 Re8 13. e3 Bf6 14. Nd2 Nxc3 15.
Bxc3 Qd7 16. Re1 Bg4 17. Nf3 Be7 18. b4 Bf6 19. b5 Ne7 20. Qe2 Bg5 21. Qf1 c6
22. bxc6 bxc6 23. Bb4 Ng6 24. Qa6 Rb6 25. Qa4 Reb8 26. Nd2 Be7 27. Bxe7 Nxe7
28. Rb1 Rxb1 29. Rxb1 Rxb1+ 30. Nxb1 Qb7 31. Qb4 Qxb4 32. axb4 Be2 33. Nc3 Bc4
34. Bh3 f5 35. g4 g6 36. gxf5 gxf5 37. Kg2 Kf7 38. Kg3 Kf6 39. Bg2 Kg5 40. f4+
Kf6 41. Bf3 Nc8 42. Bd1 Nd6 43. Bc2 Ne4+ 44. Bxe4 dxe4 45. Na4 Bb3 46. Nc5 Bd5
47. Nd7+ Kg7 48. Ne5 Kh7 49. Kh4 Kg7 50. Kg3 Kf6 51. Kf2 Ke6 52. Ke2 Kd6 53.
Kd2 Kc7 54. Kc3 Kb6 1/2-1/2

[Event "4.liga A22 2019/2020"]
[Site "?"]
[Date "2020.02.09"]
[Round "8.1"]
[White "Skreko, Igor"]
[Black "Rozsas, Daniel"]
[Result "0-1"]
[WhiteElo "1458"]
[BlackElo "1636"]
[PlyCount "82"]
[EventDate "2019.10.13"]
[WhiteTeam "ŠK KOMPLET Trnava - Modranka juniori"]
[BlackTeam "DSC Potôňska veža C"]

1. d4 Nf6 2. c4 g6 3. Nc3 d5 4. Nf3 Bg7 5. e3 O-O 6. Be2 a6 7. O-O dxc4 8. Bxc4
b5 9. Bb3 Bb7 10. a3 Qd6 11. h3 Nbd7 12. Re1 c5 13. dxc5 Qxc5 14. e4 Rfd8 15.
Qe2 Ne5 16. Be3 Nxf3+ 17. Qxf3 Qc6 18. Nd5 Qe6 19. Nxf6+ Qxf6 20. Re2 Qxf3 21.
gxf3 Rac8 22. Kf1 Rd3 23. Ba2 Kf8 24. Ke1 Rxa3 25. bxa3 Bxa1 26. Bb3 Rc3 27.
Bh6+ Ke8 28. Re3 Rc1+ 29. Bd1 Bc8 30. Re2 Bc3+ 31. Bd2 Bxh3 32. Bxc3 Rxc3 33.
Re3 Rxe3+ 34. fxe3 Kd7 35. Kd2 Kc6 36. Kc3 h5 37. f4 Kc5 38. Bb3 e6 39. e5 h4
40. Bd1 Bg2 41. Bg4 h3 0-1

[Event "4.liga A22 2019/2020"]
[Site "?"]
[Date "2020.02.09"]
[Round "8.2"]
[White "Bugar, Peter"]
[Black "Balogh, Peter"]
[Result "0-1"]
[WhiteElo "2007"]
[BlackElo "2094"]
[PlyCount "74"]
[EventDate "2019.10.13"]
[WhiteTeam "ŠK Dunajská Streda C"]
[BlackTeam "MŠK Gabčíkovo B"]

1. c4 e5 2. g3 Nf6 3. Bg2 d5 4. cxd5 Nxd5 5. Nc3 Nb6 6. e3 Be7 7. Nge2 c6 8.
O-O h5 9. d4 Qc7 10. dxe5 h4 11. f4 hxg3 12. hxg3 Bg4 13. Qc2 Na6 14. a3 O-O-O
15. b4 Rh5 16. Qe4 f5 17. Qb1 Rdh8 18. Nd4 g6 19. b5 Nb8 20. bxc6 bxc6 21. Ra2
Bh3 22. Nxc6 Nxc6 23. Nb5 Bxg2 24. Nxc7 Bxf1 25. Kxf1 Rh1+ 26. Ke2 Kxc7 27. Rc2
R8h2+ 28. Kd3 Rd1+ 29. Kc3 Rhh1 30. Kb3 Rd3+ 31. Rc3 Rxc3+ 32. Kxc3 Bxa3 33.
Qa2 Rxc1+ 34. Kb3 Bb4 35. Qh2 Rc3+ 36. Kb2 Na4+ 37. Kb1 Rb3+ 0-1

[Event "4.liga A22 2019/2020"]
[Site "?"]
[Date "2020.02.09"]
[Round "8.2"]
[White "Meszaros, Nikolas"]
[Black "Matis, Tibor"]
[Result "0-1"]
[WhiteElo "1790"]
[BlackElo "1986"]
[PlyCount "44"]
[EventDate "2019.10.13"]
[WhiteTeam "MŠK Gabčíkovo B"]
[BlackTeam "ŠK Dunajská Streda C"]

1. e4 c5 2. Nf3 Nc6 3. d4 cxd4 4. Nxd4 e5 5. Nf3 Nf6 6. Bd3 Be7 7. O-O O-O 8.
b3 d6 9. h3 Be6 10. Qe2 Qc7 11. Bd2 Rac8 12. Nc3 d5 13. exd5 Nxd5 14. Ng5 Bxg5
15. Qh5 Bh6 16. Nxd5 Bxd5 17. Bxh6 gxh6 18. Qxh6 f6 19. Bf5 Rcd8 20. c4 Nd4 21.
g4 Bc6 22. Rfd1 Nxf5 0-1

[Event "4.liga A22 2019/2020"]
[Site "?"]
[Date "2020.02.09"]
[Round "8.2"]
[White "Mezes, Kristof"]
[Black "Kovarikova, Maria"]
[Result "1/2-1/2"]
[WhiteElo "1678"]
[BlackElo "1806"]
[PlyCount "99"]
[EventDate "2019.10.13"]
[WhiteTeam "ŠK Dunajská Streda C"]
[BlackTeam "MŠK Gabčíkovo B"]

1. d4 Nf6 2. Nf3 g6 3. c4 Bg7 4. Nc3 O-O 5. e4 d6 6. Be2 Nbd7 7. O-O e5 8. d5
a5 9. Bg5 Nc5 10. Nd2 h6 11. Bh4 b6 12. a3 a4 13. b4 axb3 14. Nxb3 Qd7 15. f3
Nh5 16. Nxc5 bxc5 17. Qd2 Nf4 18. Bd3 Ba6 19. Ne2 Rfb8 20. Ra2 Nxd3 21. Qxd3
Qa4 22. Rc1 Rb3 23. Qc2 Bc8 24. Rca1 Rab8 25. Nc1 Ba6 26. Nxb3 Qxb3 27. Qxb3
Rxb3 28. Rc1 f6 29. Be1 h5 30. Ba5 Bh6 31. Rcc2 Rd3 32. Kf2 Rd4 33. Bxc7 Bxc4
34. Rab2 Ba6 35. Bxd6 Rd1 36. Rxc5 Rf1+ 37. Kg3 Bf4+ 38. Kh3 Rh1 39. g4 Bf1+
40. Kh4 Bg5+ 41. Kg3 h4+ 42. Kf2 Rxh2+ 43. Kxf1 Rxb2 44. Rc8+ Kf7 45. Bb4 h3
46. d6 Rb1+ 47. Ke2 h2 48. Rc7+ Kg8 49. Rc8+ Kg7 50. Rc7+ 1/2-1/2

[Event "4.liga A22 2019/2020"]
[Site "?"]
[Date "2020.02.09"]
[Round "8.2"]
[White "Bott, Tamas"]
[Black "Kiss, Balazs"]
[Result "1-0"]
[WhiteElo "1655"]
[BlackElo "1399"]
[PlyCount "67"]
[EventDate "2019.10.13"]
[WhiteTeam "MŠK Gabčíkovo B"]
[BlackTeam "ŠK Dunajská Streda C"]

1. e4 c5 2. d4 cxd4 3. Qxd4 Nc6 4. Qd3 Nf6 5. Nc3 e6 6. Nf3 a6 7. a3 Be7 8. e5
Ng4 9. Qe4 f5 10. exf6 Nxf6 11. Qd3 d5 12. Be2 Qd6 13. Bg5 Bd7 14. Bxf6 Bxf6
15. Ne4 Qe7 16. Nxf6+ Qxf6 17. O-O-O Ne5 18. Nxe5 Qxe5 19. Bf3 Bc6 20. Rhe1
Qf4+ 21. Kb1 O-O-O 22. Rxe6 Qxh2 23. Rde1 Qh4 24. Qf5 g6 25. Rxc6+ Kb8 26. Qe5+
Ka7 27. Re6 Qc4 28. Re7 Rb8 29. Qe3+ d4 30. Qe4 Qb5 31. Qxd4+ Ka8 32. Bxb7+
Rxb7 33. Qxh8+ Rb8 34. Qd4 1-0

[Event "4.liga A22 2019/2020"]
[Site "?"]
[Date "2020.02.09"]
[Round "8.2"]
[White "Vida, Gergo"]
[Black "Sandor, Stefan"]
[Result "0-1"]
[WhiteElo "1093"]
[BlackElo "1575"]
[PlyCount "52"]
[EventDate "2019.10.13"]
[WhiteTeam "ŠK Dunajská Streda C"]
[BlackTeam "MŠK Gabčíkovo B"]

1. e4 e5 2. Nf3 d6 3. Nc3 Nf6 4. Bc4 Be7 5. h3 O-O 6. O-O Nc6 7. d3 h6 8. Be3
Na5 9. Nd2 Nxc4 10. Nxc4 Be6 11. Nd2 Nd7 12. f4 exf4 13. Bxf4 Bg5 14. Qf3 Qf6
15. Qe3 Bxf4 16. Qxf4 Qxf4 17. Rxf4 a6 18. d4 Nb6 19. Kf2 Rae8 20. d5 Bd7 21.
Nb3 f5 22. Ke3 fxe4 23. Rxf8+ Rxf8 24. Nxe4 Nxd5+ 25. Kd4 Nf4 26. Rg1 Ne2+ 0-1

[Event "4.liga A22 2019/2020"]
[Site "?"]
[Date "2020.02.09"]
[Round "8.3"]
[White "Bango, Lukas"]
[Black "Jablonicky, Frantisek"]
[Result "1-0"]
[WhiteElo "2156"]
[BlackElo "2025"]
[PlyCount "43"]
[EventDate "2019.10.13"]
[WhiteTeam "ŠK KOMPLET Trnava - Modranka B"]
[BlackTeam "ŠK Šúrovce"]

1. d4 f5 2. c4 Nf6 3. Nc3 g6 4. h4 h6 5. Nh3 e6 6. Nf4 Rg8 7. e4 fxe4 8. f3 d5
9. cxd5 exd5 10. fxe4 dxe4 11. Bc4 Rg7 12. Be6 Bd6 13. d5 Bxf4 14. Bxf4 Bxe6
15. dxe6 Qxd1+ 16. Rxd1 Re7 17. O-O Rxe6 18. Bxh6 Nbd7 19. Nb5 O-O-O 20. Bf4 e3
21. Rc1 Nd5 22. Nxc7 1-0

[Event "4.liga A22 2019/2020"]
[Site "?"]
[Date "2020.02.09"]
[Round "8.3"]
[White "Lukacovic, Miroslav"]
[Black "Bango, Dominik"]
[Result "1-0"]
[WhiteElo "1928"]
[BlackElo "1832"]
[PlyCount "87"]
[EventDate "2019.10.13"]
[WhiteTeam "ŠK Šúrovce"]
[BlackTeam "ŠK KOMPLET Trnava - Modranka B"]

1. d4 Nf6 2. c4 e6 3. Nc3 d5 4. g3 Be7 5. Bg2 O-O 6. e4 dxe4 7. Nxe4 Nxe4 8.
Bxe4 Bb4+ 9. Kf1 e5 10. Be3 exd4 11. Qxd4 Qxd4 12. Bxd4 Nc6 13. Be3 Be6 14. c5
Rad8 15. Nf3 Bd5 16. Bxd5 Rxd5 17. Rc1 Rfd8 18. Ke2 Ne5 19. Nxe5 Rxe5 20. a3
Rd2+ 21. Kf3 Rxb2 22. axb4 Rxb4 23. Rhd1 h6 24. Rd8+ Kh7 25. Rd7 Rf5+ 26. Ke2
c6 27. Rc2 Rb5 28. Bd4 a6 29. Ke3 Rb3+ 30. Ke4 Rff3 31. Rxb7 Rxf2 32. Rxf2 Rxb7
33. Ra2 Re7+ 34. Kf4 Kg6 35. Rxa6 Re6 36. Be5 f6 37. Bd6 Re2 38. h4 Kh5 39. Kf3
Rc2 40. Rxc6 g5 41. hxg5 hxg5 42. Rc8 f5 43. c6 Rc3+ 44. Ke2 1-0

[Event "4.liga A22 2019/2020"]
[Site "?"]
[Date "2020.02.09"]
[Round "8.3"]
[White "Lopatievov, Alexander"]
[Black "Bukovsky, Milan"]
[Result "0-1"]
[WhiteElo "1872"]
[BlackElo "1864"]
[PlyCount "72"]
[EventDate "2019.10.13"]
[WhiteTeam "ŠK KOMPLET Trnava - Modranka B"]
[BlackTeam "ŠK Šúrovce"]

1. e4 e5 2. c3 d5 3. Nf3 Nc6 4. exd5 Qxd5 5. d3 Bg4 6. Be2 Nf6 7. O-O Be7 8. h3
Be6 9. Ng5 Bf5 10. Bf3 Qb5 11. a4 Qa6 12. Be2 h6 13. Ne4 Rd8 14. Qc2 Nb8 15. b4
O-O 16. Na3 Qc6 17. b5 Qd5 18. c4 Qe6 19. Be3 b6 20. Nb1 a5 21. Nbc3 Bxe4 22.
dxe4 Nbd7 23. Nd5 Bd6 24. Bf3 Rc8 25. Rfe1 Kh8 26. Qd2 Kh7 27. g4 h5 28. g5
Nxd5 29. exd5 Qxh3 30. Qe2 g6 31. Bg2 Qg4 32. f3 Qg3 33. Rac1 f6 34. Qf2 Qxf2+
35. Kxf2 f5 36. Ke2 Bc5 0-1

[Event "4.liga A22 2019/2020"]
[Site "?"]
[Date "2020.02.09"]
[Round "8.3"]
[White "Kincel, Frantisek"]
[Black "Kramar, Matus"]
[Result "0-1"]
[WhiteElo "1831"]
[BlackElo "1677"]
[PlyCount "86"]
[EventDate "2019.10.13"]
[WhiteTeam "ŠK Šúrovce"]
[BlackTeam "ŠK KOMPLET Trnava - Modranka B"]

1. b3 Nf6 2. Bb2 d6 3. d4 g6 4. Nf3 Bg7 5. e3 O-O 6. Bd3 b6 7. c4 d5 8. Nc3 Bb7
9. O-O e6 10. Rc1 Ne4 11. Qc2 f5 12. cxd5 exd5 13. Ne2 Na6 14. Ba3 Re8 15. Nf4
c5 16. Bb5 Re7 17. Rfd1 Nb4 18. Qb1 Rc8 19. dxc5 bxc5 20. Bxb4 cxb4 21. Qd3 Nc3
22. Rd2 Qb6 23. Rdc2 Rd8 24. Ne2 Nxb5 25. Ned4 Nxd4 26. Nxd4 Bxd4 27. exd4 Rde8
28. f3 Ba6 29. Qd2 Re2 30. Qf4 Qb5 31. h3 Rxc2 32. Rxc2 Qd3 33. Rc6 Bb5 34. Rc5
a6 35. Qd6 Qxd4+ 36. Kh1 Re1+ 37. Kh2 Qg1+ 38. Kg3 f4+ 39. Kxf4 Qh2+ 40. g3
Qd2+ 41. Kg4 Re4+ 42. f4 Qe2+ 43. Kg5 Qh5+ 0-1

[Event "4.liga A22 2019/2020"]
[Site "?"]
[Date "2020.02.09"]
[Round "8.3"]
[White "Zarecky, Eduard"]
[Black "Cvirik, Vladimir"]
[Result "1-0"]
[WhiteElo "1800"]
[BlackElo "1828"]
[PlyCount "57"]
[EventDate "2019.10.13"]
[WhiteTeam "ŠK KOMPLET Trnava - Modranka B"]
[BlackTeam "ŠK Šúrovce"]

1. d4 Nf6 2. c4 d6 3. Nf3 g6 4. Nc3 Bg7 5. e3 b6 6. Bd3 Bb7 7. O-O O-O 8. e4
Nfd7 9. Ne2 e6 10. Be3 f5 11. Ng5 Re8 12. Qb3 Bf6 13. Nxe6 Rxe6 14. c5 d5 15.
exd5 Nxc5 16. dxc5 Re8 17. Nf4 Kh8 18. Rad1 g5 19. Nh5 Nd7 20. c6 Rxe3 21. fxe3
Nc5 22. cxb7 Rb8 23. Qc2 Be5 24. Rxf5 Qd6 25. Rf7 Nxd3 26. Qxd3 Qh6 27. Qf5
Bxh2+ 28. Kh1 Rg8 29. Qf6+ 1-0

[Event "4.liga A22 2019/2020"]
[Site "?"]
[Date "2020.02.09"]
[Round "8.4"]
[White "Schmikli, Laszlo"]
[Black "Slamena, Michal"]
[Result "1/2-1/2"]
[WhiteElo "2224"]
[BlackElo "1993"]
[PlyCount "82"]
[EventDate "2019.10.13"]
[WhiteTeam "MĹ K Corvin VeÄľkĂ˝ Meder"]
[BlackTeam "Ĺ K Hlohovec B"]

1. f4 d5 2. Nf3 c5 3. g3 g6 4. Bg2 Nc6 5. O-O Bg7 6. c3 Qb6 7. d3 Nf6 8. h3 O-O
9. Nbd2 Nh5 10. Kh2 e5 11. e3 Qc7 12. Nb3 b6 13. g4 Nf6 14. fxe5 Nxe5 15. Nxe5
Qxe5+ 16. Kh1 Bb7 17. Nd2 Rfe8 18. Nf3 Qc7 19. Ne1 Re6 20. Qf3 Rae8 21. c4 Bh6
22. cxd5 Bxd5 23. e4 Bxc1 24. Rxc1 Bxa2 25. Rc3 Nxe4 26. dxe4 Rxe4 27. Qxe4
Rxe4 28. Bxe4 Qe5 29. Bg2 Be6 30. Rc2 h5 31. Nd3 Qd6 32. Nf4 hxg4 33. Nxe6 Qxe6
34. hxg4 Qxg4 35. Bf3 Qh3+ 36. Kg1 Kg7 37. Rcf2 Qg3+ 38. Rg2 Qe5 39. Rd1 a5 40.
Rf2 Qg3+ 41. Kf1 Qh3+ 1/2-1/2

[Event "4.liga A22 2019/2020"]
[Site "?"]
[Date "2020.02.09"]
[Round "8.4"]
[White "Tupy, Bystrik"]
[Black "Sarkozi, Szabolcs"]
[Result "0-1"]
[WhiteElo "1723"]
[BlackElo "2051"]
[PlyCount "60"]
[EventDate "2019.10.13"]
[WhiteTeam "Ĺ K Hlohovec B"]
[BlackTeam "MĹ K Corvin VeÄľkĂ˝ Meder"]

1. e4 c5 2. Nf3 Nc6 3. c3 Nf6 4. e5 Nd5 5. d4 cxd4 6. cxd4 d6 7. Bc4 Nb6 8. Bb3
dxe5 9. Nxe5 Nxe5 10. dxe5 Qxd1+ 11. Bxd1 Bf5 12. O-O e6 13. Be3 Be7 14. Bxb6
axb6 15. Nc3 O-O 16. Bf3 Ra5 17. Rfe1 b5 18. a3 Rfa8 19. Bxb7 R8a7 20. Be4 b4
21. Bxf5 bxc3 22. Be4 cxb2 23. Rab1 Bxa3 24. f4 g6 25. Red1 Rc7 26. Kf1 Ra4 27.
Re1 Rc1 28. Bf3 Rxf4 29. Ke2 Rf5 30. Kd2 Bb4+ 0-1

[Event "4.liga A22 2019/2020"]
[Site "?"]
[Date "2020.02.09"]
[Round "8.4"]
[White "Vegh, Vince"]
[Black "Tupy, Emil"]
[Result "1-0"]
[WhiteElo "1924"]
[BlackElo "1598"]
[PlyCount "107"]
[EventDate "2019.10.13"]
[WhiteTeam "MĹ K Corvin VeÄľkĂ˝ Meder"]
[BlackTeam "Ĺ K Hlohovec B"]

1. e4 e5 2. Nf3 Nf6 3. Nc3 Nc6 4. d4 exd4 5. Nxd4 d6 6. Bg5 Be7 7. Nxc6 bxc6 8.
g3 Rb8 9. Rb1 O-O 10. Qd3 Nd7 11. Bf4 Bf6 12. Bg2 Ne5 13. Bxe5 dxe5 14. Qc4 Qe8
15. O-O Be7 16. a3 Be6 17. Qa6 Ra8 18. h3 f6 19. Rfd1 Bc8 20. Qc4+ Kh8 21. Rd2
Bd6 22. Nd1 a5 23. Ne3 Be6 24. Qc3 g6 25. Kh2 Kg7 26. Rbd1 Bc8 27. Nc4 Be7 28.
Nxa5 c5 29. Nc4 Qf7 30. Ne3 c6 31. Bf1 h5 32. Bc4 Qe8 33. Ba2 Ra7 34. Nc4 Rd7
35. Rxd7 Bxd7 36. Nd6 Bxd6 37. Rxd6 Qe7 38. Qxc5 Rc8 39. b4 Re8 40. a4 f5 41.
exf5 Bxf5 42. Rxc6 Kh6 43. b5 Qg5 44. Qe3 Qxe3 45. fxe3 Be4 46. Rd6 Bxc2 47. a5
Rf8 48. Bd5 Rf2+ 49. Kg1 Rd2 50. b6 Be4 51. a6 Rd1+ 52. Kf2 Rxd5 53. Rxd5 Bxd5
54. b7 1-0

[Event "4.liga A22 2019/2020"]
[Site "?"]
[Date "2020.02.09"]
[Round "8.4"]
[White "Jancicka, Viliam"]
[Black "Csefalvay, Stefan"]
[Result "0-1"]
[WhiteElo "1595"]
[BlackElo "1765"]
[PlyCount "94"]
[EventDate "2019.10.13"]
[WhiteTeam "Ĺ K Hlohovec B"]
[BlackTeam "MĹ K Corvin VeÄľkĂ˝ Meder"]

1. d4 Nf6 2. Nc3 e6 3. e4 Bb4 4. Bg5 h6 5. Bxf6 Qxf6 6. Nf3 b6 7. Be2 Bb7 8. e5
Qd8 9. Qd2 d5 10. a3 Be7 11. Bb5+ c6 12. Bd3 Ba6 13. Ne2 c5 14. c3 Bxd3 15.
Qxd3 O-O 16. Rc1 c4 17. Qd2 Nc6 18. h4 f6 19. g3 fxe5 20. Nxe5 Nxe5 21. dxe5
Qc7 22. f4 Bc5 23. Nd4 Bxd4 24. Qxd4 Qc5 25. Rd1 Qb5 26. Rd2 Qe8 27. Rg2 Qf7
28. O-O Qh5 29. f5 Rxf5 30. Rxf5 Qxf5 31. Rf2 Qb1+ 32. Kg2 Rf8 33. Rxf8+ Kxf8
34. Qf2+ Ke7 35. Qe2 Qf5 36. g4 Qf4 37. Kh3 Kd7 38. h5 Kc6 39. Kg2 b5 40. Kh3
a5 41. Kh4 Kc5 42. Kh3 d4 43. cxd4+ Qxd4 44. Kg3 Qd3+ 45. Qf3 Kd4 46. Kf4 Qxf3+
47. Kxf3 Kxe5 0-1

[Event "4.liga A22 2019/2020"]
[Site "?"]
[Date "2020.02.09"]
[Round "8.4"]
[White "Kiss, Marton Dezso"]
[Black "Motycka, Juraj"]
[Result "1/2-1/2"]
[WhiteElo "1000"]
[BlackElo "1466"]
[PlyCount "58"]
[EventDate "2019.10.13"]
[WhiteTeam "MĹ K Corvin VeÄľkĂ˝ Meder"]
[BlackTeam "Ĺ K Hlohovec B"]

1. e4 c5 2. Nf3 e6 3. d4 cxd4 4. Nxd4 Nf6 5. Nc3 d6 6. Be3 Nc6 7. Qd2 Be7 8. f3
O-O 9. O-O-O d5 10. exd5 Nxd5 11. Nxd5 Qxd5 12. Nb3 Qxd2+ 13. Rxd2 Nb4 14. Kb1
Nd5 15. Bf2 b6 16. c4 Nb4 17. c5 Nd5 18. Bc4 Bb7 19. Bxd5 Bxd5 20. cxb6 axb6
21. Rd3 Ra6 22. Re1 Bb4 23. Red1 Rfa8 24. a3 Bd6 25. Nd4 Bc5 26. Be1 Bxd4 27.
Rxd4 h6 28. Rb4 Rb8 29. Bc3 b5 1/2-1/2

[Event "4.liga A22 2019/2020"]
[Site "?"]
[Date "2020.02.09"]
[Round "8.5"]
[White "Kosticky, Simon"]
[Black "Bisco, Igor"]
[Result "1/2-1/2"]
[WhiteElo "1863"]
[BlackElo "1988"]
[PlyCount "49"]
[EventDate "2019.10.13"]
[WhiteTeam "ŠK Lokomotíva Trnava C"]
[BlackTeam "ŠK Hlohovec A"]

1. c4 Nf6 2. Nc3 g6 3. g3 Bg7 4. Bg2 O-O 5. Nf3 c5 6. d3 Nc6 7. O-O d6 8. Rb1
Bd7 9. a3 Rb8 10. b4 b6 11. Qc2 Nd4 12. Nxd4 cxd4 13. Ne4 Qc7 14. Bg5 Nxe4 15.
Bxe4 Bh3 16. Rfc1 h6 17. Bd2 Rfc8 18. Qb3 Qd7 19. b5 Rc5 20. Bd5 Qg4 21. Bb4
Rc7 22. Re1 h5 23. Bd2 Be5 24. Bf3 Qf5 25. Be4 1/2-1/2

[Event "4.liga A22 2019/2020"]
[Site "?"]
[Date "2020.02.09"]
[Round "8.5"]
[White "Starzec, Juraj"]
[Black "Fajnor, Dusan"]
[Result "1-0"]
[WhiteElo "1940"]
[BlackElo "1610"]
[PlyCount "62"]
[EventDate "2019.10.13"]
[WhiteTeam "ŠK Hlohovec A"]
[BlackTeam "ŠK Lokomotíva Trnava C"]

1. e4 c6 2. d4 d5 3. e5 Bf5 4. Ne2 e6 5. Ng3 Bg6 6. Nd2 Ne7 7. c3 Nf5 8. Nxf5
Bxf5 9. Nf3 h6 10. Bd3 Bxd3 11. Qxd3 Be7 12. Be3 Nd7 13. O-O Rc8 14. Nd2 c5 15.
f4 c4 16. Qc2 f5 17. exf6 Bxf6 18. Qg6+ Ke7 19. f5 e5 20. dxe5 Nxe5 21. Qg3 a6
22. Bd4 Kd6 23. Rae1 Re8 24. Nf3 Kc6 25. Bxe5 Bxe5 26. Rxe5 Qf6 27. Re6+ Rxe6
28. fxe6 Qe7 29. Nd4+ Kb6 30. Rf7 Qc5 31. Qxg7 Re8 1-0

[Event "4.liga A22 2019/2020"]
[Site "?"]
[Date "2020.02.09"]
[Round "8.5"]
[White "Jancik, Ondrej"]
[Black "Gajarsky, Roman"]
[Result "0-1"]
[WhiteElo "1561"]
[BlackElo "1761"]
[PlyCount "90"]
[EventDate "2019.10.13"]
[WhiteTeam "ŠK Lokomotíva Trnava C"]
[BlackTeam "ŠK Hlohovec A"]

1. e4 d5 2. exd5 Qxd5 3. d4 e5 4. Be3 exd4 5. Qxd4 Qxd4 6. Bxd4 Bf5 7. Bb5+ Nd7
8. Bxd7+ Bxd7 9. Nf3 Bd6 10. Nbd2 O-O-O 11. O-O-O Ne7 12. b3 Nf5 13. Bb2 Bc6
14. Rhe1 Bc5 15. Ne4 Bxe4 16. Rxe4 Bxf2 17. g4 Nh4 18. Rf1 Nxf3 19. Rxf2 Ng5
20. Re7 f6 21. Rfe2 Rd7 22. Ba1 Rhd8 23. Rxd7 Kxd7 24. h4 Nf3 25. g5 fxg5 26.
hxg5 Nxg5 27. Bxg7 Ne6 28. Be5 Rf8 29. Kd2 Rf5 30. c4 h5 31. Ke1 h4 32. Bc3 h3
33. Bd2 Nf4 34. Bxf4 Rxf4 35. Rh2 Rf3 36. Rd2+ Ke6 37. Rd8 Rc3 38. Rh8 Kf5 39.
Kd2 Rg3 40. Rf8+ Ke4 41. Re8+ Kf3 42. Rf8+ Kg2 43. Ke2 h2 44. Rf2+ Kh3 45. Rf8
h1=Q 0-1

[Event "4.liga A22 2019/2020"]
[Site "?"]
[Date "2020.02.09"]
[Round "8.5"]
[White "Barca, Michal"]
[Black "Nemcovic, Peter"]
[Result "1-0"]
[WhiteElo "1730"]
[BlackElo "1614"]
[PlyCount "97"]
[EventDate "2019.10.13"]
[WhiteTeam "ŠK Hlohovec A"]
[BlackTeam "ŠK Lokomotíva Trnava C"]

1. c4 e5 2. Nc3 Nf6 3. Nf3 d6 4. g3 Be6 5. Bg2 Nc6 6. b3 g6 7. d4 exd4 8. Nxd4
Nxd4 9. Qxd4 c6 10. Ne4 Bd7 11. Bb2 Qa5+ 12. Bc3 Qe5 13. Qxe5+ dxe5 14. Bxe5
Bb4+ 15. Kf1 Nxe4 16. Bxh8 Nd2+ 17. Kg1 O-O-O 18. Be5 Bg4 19. Bf1 Re8 20. a3
Bc5 21. h3 Bxe2 22. Bxe2 Rxe5 23. Bd1 Rg5 24. Kg2 Ne4 25. h4 Re5 26. f4 Re8 27.
Re1 f5 28. Bc2 Bd4 29. Rad1 c5 30. Bxe4 fxe4 31. g4 e3 32. Kf3 Kc7 33. Re2 Kc6
34. Rh1 Rd8 35. h5 g5 36. f5 h6 37. Rhe1 Re8 38. Rxe3 Rxe3+ 39. Rxe3 Bxe3 40.
Kxe3 Kd6 41. Ke4 b6 42. b4 a6 43. bxc5+ bxc5 44. f6 Ke6 45. f7 Kxf7 46. Kd5 Ke7
47. Kxc5 Kd7 48. Kb6 Kd6 49. c5+ 1-0

[Event "4.liga A22 2019/2020"]
[Site "?"]
[Date "2020.02.09"]
[Round "8.5"]
[White "Moravec, Milan"]
[Black "Janas, Peter"]
[Result "0-1"]
[WhiteElo "1604"]
[BlackElo "1738"]
[PlyCount "34"]
[EventDate "2019.10.13"]
[WhiteTeam "ŠK Lokomotíva Trnava C"]
[BlackTeam "ŠK Hlohovec A"]

1. d4 d5 2. c4 c6 3. Nf3 Nf6 4. Nc3 e6 5. e3 Bd6 6. Bd3 O-O 7. O-O Re8 8. Ne5
Nbd7 9. Nxd7 Bxd7 10. cxd5 exd5 11. Bd2 Bxh2+ 12. Kxh2 Ng4+ 13. Kg1 Qh4 14. Re1
Qxf2+ 15. Kh1 Qh4+ 16. Kg1 Qh2+ 17. Kf1 Qh1+ 0-1

[Event "4.liga A22 2019/2020"]
[Site "?"]
[Date "2020.02.09"]
[Round "8.6"]
[White "Valach, Peter"]
[Black "Bohunicky, Ivan"]
[Result "1-0"]
[WhiteElo "1770"]
[BlackElo "1897"]
[PlyCount "103"]
[EventDate "2019.10.13"]

1. d4 Nf6 2. c4 e6 3. Nc3 d5 4. Bg5 Be7 5. Nf3 h6 6. Bh4 O-O 7. e3 b6 8. Bd3
Bb7 9. O-O Re8 10. Rc1 Nbd7 11. cxd5 Nxd5 12. Bxe7 Rxe7 13. Bb1 Rc8 14. Nxd5
Bxd5 15. e4 Bb7 16. Qd3 g6 17. Rfe1 c5 18. d5 exd5 19. exd5 Rxe1+ 20. Rxe1 Qf6
21. h4 h5 22. b3 Rd8 23. Qd2 Kg7 24. Ng5 Nf8 25. Be4 Nd7 26. d6 Bxe4 27. Rxe4
Nf8 28. Re7 Qxd6 29. Rxf7+ Kg8 30. Qxd6 Rxd6 31. Rxa7 Rd1+ 32. Kh2 Rd7 33. Rxd7
Nxd7 34. Kg3 Kf8 35. Kf4 Ke7 36. f3 b5 37. Ne4 c4 38. bxc4 bxc4 39. g4 hxg4 40.
fxg4 Ke6 41. Nc3 Kf6 42. a4 Ke6 43. a5 Nc5 44. h5 gxh5 45. gxh5 Kf7 46. Ne4
Ne6+ 47. Ke3 Nc7 48. Kd4 c3 49. Kxc3 Kg7 50. Kd4 Kh6 51. Ng3 Na6 52. Kc4 1-0

[Event "4.liga A22 2019/2020"]
[Site "?"]
[Date "2020.02.09"]
[Round "8.6"]
[White "Polak, Peter"]
[Black "Slezak, Rudolf"]
[Result "1-0"]
[WhiteElo "1815"]
[BlackElo "1717"]
[PlyCount "77"]
[EventDate "2019.10.13"]

1. e4 c5 2. Nf3 d6 3. d4 cxd4 4. Nxd4 Nc6 5. c4 Nf6 6. Nc3 a6 7. Be2 e6 8. O-O
Be7 9. Be3 O-O 10. Rc1 Bd7 11. Qd2 Rc8 12. f3 Qc7 13. Rfd1 Rfd8 14. Qe1 Qb6 15.
Nf5 Qc7 16. Nxe7+ Nxe7 17. Qf2 Qb8 18. Ba7 Qa8 19. Bb6 Re8 20. Rxd6 Rc6 21.
Rxc6 Bxc6 22. Rd1 Nd7 23. Ba5 Qc8 24. h4 Ng6 25. b3 Qb8 26. g3 Qe5 27. Bb4 a5
28. f4 Qc7 29. Bd6 Qb6 30. Qxb6 Nxb6 31. Bc7 Nd7 32. Bxa5 Nc5 33. e5 Ne7 34. b4
Na4 35. b5 Nxc3 36. Bxc3 Be4 37. Bb4 Nf5 38. Kf2 g6 39. Bf3 1-0

[Event "4.liga A22 2019/2020"]
[Site "?"]
[Date "2020.02.09"]
[Round "8.6"]
[White "Sulko, Vit"]
[Black "Vagovsky, Jozef"]
[Result "0-1"]
[WhiteElo "1616"]
[BlackElo "1782"]
[PlyCount "71"]
[EventDate "2019.10.13"]

1. d4 Nf6 2. c4 e6 3. Nf3 Bb4+ 4. Bd2 Qe7 5. a3 Bxd2+ 6. Nbxd2 d5 7. e3 O-O 8.
Be2 Nbd7 9. O-O b6 10. Rc1 c5 11. dxc5 bxc5 12. Qc2 Bb7 13. Qb1 a5 14. Rc3 a4
15. Rfc1 Rab8 16. Qc2 Bc6 17. Rb1 Qd6 18. h3 h6 19. Qc1 Rfd8 20. Bd3 Ne4 21.
Rc2 Ba8 22. Ne1 f5 23. cxd5 exd5 24. Nxe4 fxe4 25. Bf1 c4 26. Rd2 Ne5 27. Qc2
Rb3 28. Rbd1 Nd3 29. Nxd3 exd3 30. Qc1 Qf6 31. f3 Rdb8 32. Bxd3 Rxd3 33. Rxd3
cxd3 34. Rxd3 Qxb2 35. Qxb2 Rxb2 36. Rd4 0-1